LEADER 01590nam 2200541Ia 450 001 9910452746503321 005 20200520144314.0 010 $a1-60876-688-8 035 $a(CKB)2550000001041390 035 $a(EBL)3018567 035 $a(SSID)ssj0000857880 035 $a(PQKBManifestationID)12378319 035 $a(PQKBTitleCode)TC0000857880 035 $a(PQKBWorkID)10866119 035 $a(PQKB)11624180 035 $a(MiAaPQ)EBC3018567 035 $a(Au-PeEL)EBL3018567 035 $a(CaPaEBR)ebr10660428 035 $a(OCoLC)844347910 035 $a(EXLCZ)992550000001041390 100 $a20090522d2009 uy 0 101 0 $aeng 135 $aur|n|---||||| 181 $ctxt 182 $cc 183 $acr 200 00$aSocial development$b[electronic resource] /$fLynda R. Elling, editor 210 $aNew York $cNova Science Publishers$dc2009 215 $a1 online resource (355 p.) 225 1 $aSocial issues, justice and status series 300 $aDescription based upon print version of record. 311 $a1-60741-612-3 320 $aIncludes bibliographical references and index. 410 0$aSocial issues, justice and status series. 606 $aSocialization 606 $aSocial planning 608 $aElectronic books. 615 0$aSocialization. 615 0$aSocial planning. 676 $a303.3/2 701 $aElling$b Lynda R$0975161 801 0$bMiAaPQ 801 1$bMiAaPQ 801 2$bMiAaPQ 906 $aBOOK 912 $a9910452746503321 996 $aSocial development$92220359 997 $aUNINA